Central Library || Chittagong University

Secondary curriculum : (Record no. 111525)

MARC details
000 -LEADER
fixed length control field 00489nam a22001697a 4500
003 - CONTROL NUMBER IDENTIFIER
control field BD-ChCU
005 - DATE AND TIME OF LATEST TRANSACTION
control field 20260208124756.0
008 - FIXED-LENGTH DATA ELEMENTS--GENERAL INFORMATION
fixed length control field 260208b bg ||||| |||| 00| 0 ben d
040 ## - CATALOGING SOURCE
Transcribing agency BD-ChCU
082 ## - DEWEY DECIMAL CLASSIFICATION NUMBER
Classification number 373.19 TAS
100 ## - MAIN ENTRY--PERSONAL NAME
Personal name Tanner , Daniel .
9 (RLIN) 20176
245 ## - TITLE STATEMENT
Title Secondary curriculum :
Remainder of title theory and development ./
Statement of responsibility, etc. Daniel , Tanner .
260 ## - PUBLICATION, DISTRIBUTION, ETC.
Place of publication, distribution, etc. New York :
Name of publisher, distributor, etc. Macmillan ,
Date of publication, distribution, etc. C 1971
300 ## - PHYSICAL DESCRIPTION
Extent xviii , 459p
650 #0 - SUBJECT ADDED ENTRY--TOPICAL TERM
Topical term or geographic name entry element Education , Secondary .
9 (RLIN) 20177
942 ## - ADDED ENTRY ELEMENTS (KOHA)
Source of classification or shelving scheme Dewey Decimal Classification
Koha item type Books
Suppress in OPAC No
Holdings
Withdrawn status Lost status Source of classification or shelving scheme Damaged status Not for loan Home library Current library Shelving location Date acquired Source of acquisition Total Checkouts Full call number Barcode Date last seen Copy number Price effective from Koha item type
    Dewey Decimal Classification     Chittagong University Library Chittagong University Library Business and Social Science Reading Room 02/08/2026 Purchase   373.19 TAS 142222 02/08/2026 C-1 02/08/2026 Books
    Dewey Decimal Classification     Chittagong University Library Chittagong University Library Business and Social Science Reading Room 02/08/2026 Purchase   373.19 TAS 142223 02/08/2026 C-2 02/08/2026 Books
    Dewey Decimal Classification     Chittagong University Library Chittagong University Library Business and Social Science Reading Room 02/08/2026 Purchase   373.19 TAS 143656 02/08/2026 C-3 02/08/2026 Books
    Dewey Decimal Classification     Chittagong University Library Chittagong University Library Business and Social Science Reading Room 02/08/2026 Purchase   373.19 TAS 171659 02/08/2026 C-4 02/08/2026 Books
© Copyright 2025. Chittagong University Library, Installation and Maintenance by Prof. Dr. Md. Alamgir, 01711306253